000 00680 a2200217 4500
001 64024
005 20260521160829.0
008 260521a1968 arg spa d
003 AR-UNSa-BCEJYS
040 _aAR-UNSa-BCEJYS
_bspa
_cAR-UNSa-BCEJYS
080 _a658.3
_xPersonal. Relaciones humanas en la empresa (Recursos Humanos)
245 1 0 _aLa dirección de personal
250 _a2a. ed.
264 1 _aBilbao :
_bEdiciones Deusto
_c1968
300 _a137 p.
_c21 cm.
505 _a1. La dirección del personal y la organización de la empresa - 2.
041 _aspa
942 _cBK
590 _aniveau_biblio:m niveau_hierar:0
100 1 _aRodríguez Sahagun, Tomás
999 _c36501
_d36501